1887 1583 1355 1186 1129 1044 1286 1400 1411 1495 1941 1676 1882 1062 1715 1322 1599 1344 1587 1546 1118 1314 1657 1637 1148 1105 1794 1928 1012 1703 1598 1329 1931 1151 1203 1233 1288 1727 1261 1012 1495 1498 1898 1964 1416 1638 1692 1211 1639 1138 1060 1164 1919 1293 1254 1589 1422 1037 1514 1230 1667 1943 1834 1980 1517 1315 1489 1926 1371 1588 1524 1374 1264 1266 1412 1708 1364 1437 1805 1671 1535 1899 1466 1432 1043 1463 1197 1514 1248 1239 1276 1740 1598 1839 1593 1724 1495 1152 1447 BCNSPRNW ULIB Ver.6.0+V

เปลี่ยนเป็นภาษาไทย

Change to English
 แสดงรายละเอียดบรรณานุกรม
  กลับหน้าหลัก

Brief Record : Get Marc (ISO 2709) : E-mail record : QR code < ปิดหน้าต่าง
LEADER : 00000nam 2200000uu 4500
001    13399115124
003     ULIB
008    120711s2551||||th 000 0 tha d
020    ^a9789741685196
090    ^aนว.^bน574ส 2551
100 0  ^aนิตย์รวี
245 00 ^aรักร้อย...หนึ่งใจ/^cนิตย์รวี
250    ^aพิมพ์ครั้งที่
260    ^aกรุงเทพฯ :^bธุรดา,^c2551
300    ^a289 หน้า
945    ^p0^l0^i15320
995    ^aกัณชพร
999    ^aใช้งานได้ทุกระบบ
รายการนี้ยังไม่มีแท็ก
คุณยังไม่ได้ล็อกอิน คุณสามารถมีกิจกรรมร่วมกับเว็บไซต์ได้ แต่ต้องล็อกอินก่อน ::
  ล็อกอิน

รายการสื่อสารสนเทศ

ลำดับที่ ประเภท เลขเรียก/บาร์โค้ด สถานที่ สถานะ
1. วิทยาศาสตร์การแพทย์ และสุขภาพ
วิทยาศาสตร์การแพทย์ และสุขภาพ
นว. น574ส 2551  
  Barcode: 15320
ห้องสมุดวิทยาเขตสวรรค์ประชารักษ์
►นวนิยาย
บนชั้น
  ขอยืม

รายการใกล้เคียง
    ผู้แต่ง [นิตย์รวี]

BibComment


ยังไม่เคยถูกคอมเมนท์

คอมเมนท์ทรัพยากรรายการนี้
  คอมเมนท์: รักร้อยหนึ่งใจ น..


 Copyright 2026. Bcnsprnw @Library